Technológia I

Bibliographic Details
Main Authors: Meško, Jozef, 1958- (Author), Mičian, Miloš, 1974- (Author), Moravec, Ján, 1961- (Author), Fabian, Peter, 1965- (Author)
Format: Book
Language:Slovak
PhysicalDescription:218 s. fotogr., grafy, sch., tab. 24 cm
Published: Žilina Žilinská univerzita Edis 2014
ISBN:9788055409122 (viaz.)
Edition:1. vyd.
Series:Vysokoškolské učebnice
Subjects:

MARC

LEADER 00000cam a2200000 a 4500
001 vtls010632920
003 SK-MaSNL
005 20260302013448.0
008 160429s2014 xo oda e n 000 0 slo
015 |a SNBA2015/01 
020 |a 9788055409122 (viaz.) 
035 |a F21A8D64-F35A-4F38-BA53-95D3514FC586 
035 |a urn:nbn:sk:snk-amjoy5 
035 |a urn:nbn:sk:snk-am001zkj 
040 |a SNK  |b slo  |c SNK  |e AACR2 
041 0 |a slo 
044 |a xo  |c SK 
072 7 |a 621  |x Strojárstvo  |2 konspekt 
080 |a 621.746  |2 2001 
080 |a 621.791  |2 2001 
080 |a 621.7.04  |2 2001 
080 |a (075.8)  |2 2001 
080 |a 001.126-029:6  |2 2001 
245 0 0 |a Technológia I  |c Peter Fabian ... [et al.] 
250 |a 1. vyd. 
260 |a Žilina  |b Žilinská univerzita  |b Edis  |c 2014 
300 |a 218 s.  |b fotogr., grafy, sch., tab.  |c 24 cm 
366 |e 250 výt. 
490 1 |a Vysokoškolské učebnice 
504 |a Bibliogr. odkazy 
650 0 7 |a odlievanie kovov  |2 SNKPH  |9 107705 
650 0 7 |a zvárenie  |2 SNKPH  |9 656822 
650 0 7 |a tvárnenie  |2 SNKPH  |9 19489 
650 0 7 |a Founding  |2 SNKPHeng  |9 300887 
650 0 7 |a Welding  |2 SNKPHeng  |9 267090 
650 0 7 |a Forming  |2 SNKPHeng  |9 342348 
650 0 7 |a technológia  |2 SNKPH  |9 66619 
650 0 7 |a Technology  |2 SNKPHeng  |9 266383 
655 7 |a učebnice vysokých škôl  |2 SNKPH  |9 70191 
655 7 |a Textbooks (higher)  |2 SNKPHeng  |9 276436 
700 1 |a Meško, Jozef,  |d 1958-  |4 aut  |9 8777 
700 1 |a Mičian, Miloš,  |d 1974-  |4 aut  |9 52891 
700 1 |a Moravec, Ján,  |d 1961-  |4 aut  |9 204479 
700 1 |a Fabian, Peter,  |d 1965-  |4 aut  |9 172361 
810 2 |a Žilinská univerzita v Žiline  |t Vysokoškolské učebnice  |9 176451 
830 0 |a Vysokoškolské učebnice  |9 277152 
852 |a Štátna vedecká knižnica v Banskej Bystrici 
919 |a 978-80-554-0912-2 
958 |a NB 
999 |c 1013045  |d 1014975 
952 |a SNK  |b SNK  |y PREZ  |7 0  |p 17A1118843  |o snkSC 161628  |i snk2014/23985  |8 0  |0 0  |1 0  |4 0  |d 2014-11-04  |f 1  |l 0  |r 2025-08-25 00:00:00  |w 2026-02-24 
952 |a SNK  |b SNK  |y VYP  |7 0  |p 17A1118844  |o snkSC 161628 D1  |i snk2014/23986  |8 0  |0 0  |1 0  |4 0  |d 2014-11-04  |l 0  |r 2026-02-24 12:59:10  |w 2026-02-24